000
00266 a2200109 4500
001
64512
082
_a
610.695 USA
090
_c
38141
_d
38141
100
_a
USAF
245
_a
Flight Surgion's guide USAF School of Aerospace Medicine
_n
VOL-I
260
_a
USA
_b
USAF
942
_a
NUST-CAE
_k
610.695 USA
999
_c
299585
_d
299585